Online
Catalog

¿Quién soy? : (Record no. 2017)

MARC details
000 -CABECERA
campo de control de longitud fija 00727nam a2200193 a 4500
001 - NÚMERO DE CONTROL
campo de control 000002169
005 - FECHA Y HORA DE LA ÚLTIMA TRANSACCIÓN
campo de control 20200929150154.0
008 - DATOS DE LONGITUD FIJA--INFORMACIÓN GENERAL
campo de control de longitud fija 090701s19uu dr a 001 0 spa d
040 ## - FUENTE DE LA CATALOGACIÓN
Centro catalogador/agencia de origen DO-SdBNP
Lengua de catalogación spa
Centro/agencia transcriptor BNPHU
100 1# - ENTRADA PRINCIPAL--NOMBRE DE PERSONA
Nombre de persona Ortiz S., José Francisco
9 (RLIN) 6918
245 10 - MENCIÓN DE TÍTULO
Título ¿Quién soy? :
Resto del título Una puerta hacia la liberación /
Mención de responsabilidad, etc. José Francisco Ortiz S. ; prólogo Diómedes S. Chrístopher ; ilustración Elvis de Jesús Valerio.
260 ## - PUBLICACIÓN, DISTRIBUCIÓN, ETC.
Lugar de publicación, distribución, etc. Santo Domingo :
Nombre del editor, distribuidor, etc. Punto Mágico,
Fecha de publicación, distribución, etc. 199?
300 ## - DESCRIPCIÓN FÍSICA
Extensión 206 p. :
Otras características físicas il. ;
Dimensiones 21 cm.
490 0# - MENCIÓN DE SERIE
Mención de serie Mi pequeñisima obra
500 ## - NOTA GENERAL
Nota general Incluye índice
700 1# - PUNTO DE ACCESO ADICIONAL--NOMBRE DE PERSONA
Nombre de persona Chrístopher, Diómedes S.
Término indicativo de función/relación pról.
9 (RLIN) 3220
700 1# - PUNTO DE ACCESO ADICIONAL--NOMBRE DE PERSONA
Nombre de persona Jesús Valerio, Elvis de
Término indicativo de función/relación il.
9 (RLIN) 6919
830 #0 - PUNTO DE ACCESO ADICIONAL DE SERIE-TÍTULO UNIFORME
Título uniforme Mi pequeñisima obra
9 (RLIN) 3221
Holdings
Estado de retiro Estado de pérdida Restricciones de uso No para préstamo Código de colección Localización permanente Ubicación/localización actual Ubicación en estantería Fecha de adquisición Número de inventario Total de préstamos Signatura topográfica completa Código de barras Fecha visto por última vez Número de copia Precio válido a partir de Tipo de ítem Koha
        Dominicana de Servicio General General En catalogación 25.11.2010 LF1   2169-40 25.06.2020 e.3 25.06.2020 Libro y Folleto Colección Dominicana de Servicio
      Excluido de préstamo Patrimonio Dominicano Patrimonio Dominicano Patrimonio Dominicano En catalogación 01.07.2009 LF1   2169-10 25.06.2020   25.06.2020 Libro y Folleto Colección Patrimonio Dominicano
      Excluido de préstamo Patrimonio Dominicano Patrimonio Dominicano Patrimonio Dominicano En catalogación 25.11.2010 LF1   2169-30 25.06.2020 e.2 25.06.2020 Libro y Folleto Colección Patrimonio Dominicano

Powered by Koha